000 00589nmm a2200193Ia 4500
008 251105s9999||||xx |||||||||||||||||und||
020 _a9786071606143
041 _aspa
100 _aCortinas, Cristina
245 0 _aCáncer: herencia y ambiente :
_b Herencia y ambiente
264 _a[México D.C., Mexico] :
_bFondo de Cultura Económica,
_c2013
300 _a261 páginas
490 _aLa Ciencia para Todos
650 _aMedicine
700 _aCortinas, Cristina
700 1 _a Nava Tudela, Francisco
856 _uhttps://public.digitaliapublishing.com/a/43260
942 _cCF
999 _c64266
_d64266